000
00314nam a22001337a 4500
008
160507b xxu||||| |||| 00| 0 eng d
020
_a
9780073319940
020
_a
9780072995244
020
_a
9780073319945
041
_a
eng
080
_a
573
245
_a
Molecular biology:
_c
Robert F. Weaver;
942
_2
udc
_c
BK
999
_c
1887
_d
1887